Governing Africa : (Record no. 5169)

MARC details
000 -LEADER
fixed length control field 01110cam a2200373Mi 4500
001 - CONTROL NUMBER
control field on1037808118
003 - CONTROL NUMBER IDENTIFIER
control field OCoLC
005 - DATE AND TIME OF LATEST TRANSACTION
control field 20200213185016.0
008 - FIXED-LENGTH DATA ELEMENTS--GENERAL INFORMATION
fixed length control field 180527t20172017xx 000 0 eng d
015 ## - NATIONAL BIBLIOGRAPHY NUMBER
National bibliography number GBB8L0066
Source bnb
016 7# - NATIONAL BIBLIOGRAPHIC AGENCY CONTROL NUMBER
Record control number 019123920
Source Uk
020 ## - INTERNATIONAL STANDARD BOOK NUMBER
International Standard Book Number 1786610310
020 ## - INTERNATIONAL STANDARD BOOK NUMBER
International Standard Book Number 9781786610317
029 1# - (OCLC)
OCLC library identifier UKMGB
System control number 019123920
035 ## - SYSTEM CONTROL NUMBER
System control number (OCoLC)1037808118
040 ## - CATALOGING SOURCE
Original cataloging agency YDX
Language of cataloging eng
Transcribing agency TZ-ArACH
043 ## - GEOGRAPHIC AREA CODE
Geographic area code f------
049 ## - LOCAL HOLDINGS (OCLC)
Holding library TZAA
050 14 - LIBRARY OF CONGRESS CALL NUMBER
Classification number DT30
Item number .T53 2018
082 04 - DEWEY DECIMAL CLASSIFICATION NUMBER
Classification number 341.249
Edition number 23
100 1# - MAIN ENTRY--PERSONAL NAME
Personal name Tieku, Thomas Kwasi,
Relator term author.
245 10 - TITLE STATEMENT
Title Governing Africa :
Remainder of title 3D analysis of the African Union's performance /
Statement of responsibility, etc Thomas Kwasi Tieku.
260 ## - PUBLICATION, DISTRIBUTION, ETC. (IMPRINT)
Place of publication, distribution, etc Lanham, Marylan :
Name of publisher, distributor, etc Rowman & Littlefield,
Date of publication, distribution, etc 2017.
300 ## - PHYSICAL DESCRIPTION
Extent xv, 248 pages ;
Dimensions 24 cm
610 20 - SUBJECT ADDED ENTRY--CORPORATE NAME
Corporate name or jurisdiction name as entry element African Union.
610 27 - SUBJECT ADDED ENTRY--CORPORATE NAME
Corporate name or jurisdiction name as entry element African Union.
Source of heading or term fast
648 #7 - SUBJECT ADDED ENTRY--CHRONOLOGICAL TERM
Chronological term Since 1960
Source of heading or term fast
650 #7 - SUBJECT ADDED ENTRY--TOPICAL TERM
Topical term or geographic name as entry element Politics and government.
Source of heading or term fast
650 #7 - SUBJECT ADDED ENTRY--TOPICAL TERM
Topical term or geographic name as entry element 89.71 international cooperation: general.
Source of heading or term nbc
651 #0 - SUBJECT ADDED ENTRY--GEOGRAPHIC NAME
Geographic name Africa
General subdivision Politics and government
Chronological subdivision 1960-
651 #7 - SUBJECT ADDED ENTRY--GEOGRAPHIC NAME
Geographic name Africa.
Source of heading or term fast
651 #7 - SUBJECT ADDED ENTRY--GEOGRAPHIC NAME
Geographic name Africa.
Source of heading or term gtt
942 ## - ADDED ENTRY ELEMENTS (KOHA)
Source of classification or shelving scheme Library of Congress Classification
Koha item type Books
Holdings
Home library Current library Date acquired Full call number Barcode Koha item type
African Court on Human and Peoples' Rights Library African Court on Human and Peoples' Rights Library 03/02/2020 DT30 .T53 2018 10212639 Books
African Court on Human and Peoples' Rights Library African Court on Human and Peoples' Rights Library 13/02/2020 DT30 .T53 2018 10207635 Books

African Court on Human and Peoples' Rights | For Inquiries Contact » +255 272 510 510